Представление документа в формате RUSMARC

ПолеНазваниеЗначение
  Тип записи a
  Библиографический уровень m
001 Контрольный номер RU/SLIB/B/208711886
005 Дата корректировки 20201206203912.4
010 Индекс ISBN __
d Цена 40-00
101 Язык документа __
a Язык текста rus
c Язык оригинала rus
200 Заглавие и сведения об ответственности 0_
a Заглавие Томас Манн
f Первые сведения об ответственности С. Апт
b Общее обозначение материала Текст
210 Выходные данные __
a Место издания М.
c Издательство Молодая гвардия
d Дата издания 1972
215 Физическое описание __
a Объем 350 с.
225 Серия __
a Серия Жизнь замечательных людей: Серия биографий
v Обозначение тома вып. 7 (514)
330 Аннотация __
a Аннотация Томас Манн принадлежит к числу писателей, чье имя известно далеко за пределами его Родины - Германии. Писатель, осудивший воинственную империалистическую реакцию, вынужден был покинуть свою родину после прихода гитлеровцев к власти. Осуждение нацистского варварства, осуждение политики разжигания новой мировой войны характерны для творчества Т. Манна.
600 Персоналии __
a Персоналии (Фамилия) Манн, Т.
c Дополнение к имени писатель немецкий
f Даты 1875-1955
g Полное имя Томас
606 Тематические рубрики __
a Основная рубрика Литературоведение
z Хронологическая подрубрика 19 в.; 20 в.
606 Тематические рубрики __
a Основная рубрика Литература Европы
610 Ключевые слова __
a Ключевые слова персоналии; немецкая литература; писатели; художественные биографии
686 Индексы других классификаций __
a Классификационный индекс 83.3(4Гем)-8
700 Автор _1
a Фамилия Апт
b Имя С.
4 Код отношения 070
801 Источник записи _0
a Страна RU
b Организация Муниципальное бюджетное учреждение культуры "Централизованная библиотечная система" г. Сургут (Центральная городская библиотека им. А. С. Пушкина)
g Правила каталогизации КиК/Варварина
801 Источник записи _1
a Страна RU
b Организация Муниципальное бюджетное учреждение культуры "Централизованная библиотечная система" г. Сургут (Центральная городская библиотека им. А. С. Пушкина)
g Правила каталогизации КиК/Варварина
852 Данные о местонахождении __
j Шифр хранения 83.3(4Гем)-8
c Каталожный индекс 83.3(4Гем)-8
i Авторский знак А 77
901 Тип документа __
t Тип документа m
903 Характеристики (МАРС) __
a Дата передачи 20010412
990 Данные о заказе (DOS) 00
j Количество экземпляров (DOS) 1
t N записи в КСУ для И/У (DOS) 200104